Countries of Africa by Population - Statistics

General Stats
  • This quiz has been taken 198 times
  • The average score is 39 of 54
Answer Stats
Population Answer % Correct
237 Million N Nigeria
100%
118 Million E Egypt
98%
135 Million E Ethiopia
98%
70 Million T Tanzania
97%
57 Million K Kenya
96%
51.3 Million U Uganda
96%
47 Million A Algeria
94%
39 Million A Angola
94%
112 Million DRC Congo (Democratic Republic)
94%
64 Million S South Africa
94%
51.6 Million S Sudan
94%
35 Million G Ghana
89%
32.71 Million I Ivory Coast
89%
21.9 Million Z Zambia
89%
38 Million M Morocco
86%
27 Million N Niger
83%
16 Million Z Zimbabwe
83%
6 Million ROC Congo (Republic)
80%
35.6 Million M Mozambique
78%
25 Million M Mali
76%
32.74 Million M Madagascar
74%
14.5 Million R Rwanda
74%
29 Million C Cameroon
73%
24 Million B Burkina Faso
70%
14.3 Million B Burundi
70%
5.7 Million L Liberia
68%
19 Million S Somalia
68%
21 Million C Chad
66%
15 Million G Guinea
65%
9 Million T Togo
65%
14.8 Million B Benin
63%
899 Thousand C Comoros
63%
1.1 Million D Djibouti
63%
2.8 Million G Gambia
63%
7 Million L Libya
63%
134 Thousand S Seychelles
63%
529 Thousand C Cape Verde
60%
1.25 Million E Eswatini
60%
18 Million S Senegal
60%
12.3 Million T Tunisia
60%
3.6 Million E Eritrea
59%
22 Million M Malawi
59%
2.3 Million L Lesotho
58%
2.59 Million G Gabon
57%
1.26 Million M Mauritius
57%
244 Thousand S São Tomé and Príncipe
57%
12.1 Million S South Sudan
56%
2.2 Million G Guinea-Bissau
55%
5.3 Million M Mauritania
55%
3 Million N Namibia
54%
8 Million S Sierra Leone
54%
1.9 Million E Equatorial Guinea
53%
2.56 Million B Botswana
49%
5.5 Million C Central African Republic
46%
No matching quizzes found
Score Distribution
Percent of People with Each Score
Percentile by Number Answered
Your Score History
You have not taken this quiz